Komparácia spoločností Alibaba a Apple podľa špecifických kritérií
Charakteristika a základné informácie o spoločnosti Alibaba Group a spoločnosti Apple. Porovnanie vybraných zahraničných e-shopov na základe vybraných kritérií: počet zamestnancov, ročné príjmy v daných obdobiach, vývoj ročných príjmov v rámci e-commerce, vývoj globálneho predaja. SWOT analýzy spolo...
Salvato in:
| Autore principale: | |
|---|---|
| Altri autori: | |
| Natura: | Capitolo di libro |
| Lingua: | slovacco |
| Soggetti: | |
| Tags: |
Nessun Tag, puoi essere il primo ad aggiungerne!!
|
MARC
| LEADER | 00000naa$a2200000$$$4500 | ||
|---|---|---|---|
| 001 | 0249437 | ||
| 005 | 20240502074004.7 | ||
| 041 | 0 | |a slo | |
| 044 | |a SK | ||
| 245 | 1 | 0 | |a Komparácia spoločností Alibaba a Apple podľa špecifických kritérií |c Ingrid Potisková, Alexandra Fričová |
| 520 | |a Charakteristika a základné informácie o spoločnosti Alibaba Group a spoločnosti Apple. Porovnanie vybraných zahraničných e-shopov na základe vybraných kritérií: počet zamestnancov, ročné príjmy v daných obdobiach, vývoj ročných príjmov v rámci e-commerce, vývoj globálneho predaja. SWOT analýzy spoločností Alibaba Group a Apple Inc. PEST analýzy spoločnosti Alibaba Group a Apple Inc. | ||
| 610 | 2 | 0 | |a obchod elektronický |
| 610 | 2 | 0 | |a spoločnosti |
| 610 | 2 | 0 | |a príjmy |
| 610 | 2 | 0 | |a zamestnanci |
| 610 | 2 | 0 | |a trh |
| 610 | 2 | 0 | |a analýza swot |
| 100 | 1 | |a Potisková, Ingrid | |
| 700 | 1 | |a Fričová, Alexandra | |